000 00549nam a22002297a 4500
003 UA-OsUOA
001 89321
007 ta
008 20121105b un ||||| |||| 00| 0 ukr d
100 _aДніпровський Іван
090 _a821.161.2
_bД 54
942 _cBK
040 _aUA-OsUOA
_bukr
_cUA-OsUOA
_dUA-OsUOA
245 _aЯблуневий полон
_bВибране
300 _a302 с.
955 _a3
041 _aukr
080 _a821.161.2
260 _aК.
_bДніпро
_c1964
650 7 _2UDC
999 _c375593
_d375593